Otras ofelias relatos /
保存先:
| 第一著者: | |
|---|---|
| フォーマット: | 電子媒体 eBook |
| 言語: | スペイン語 |
| 出版事項: |
Valencia [Spain] :
El Nadir Ediciones,
2010.
|
| シリーズ: | Narrativas el Nadir ;
37. Digitalia eBook Collection: El Nadir Ediciones. |
| 主題: | |
| オンライン・アクセス: | Digitalia Hispánica |
| タグ: |
タグ追加
タグなし, このレコードへの初めてのタグを付けませんか!
|
MARC
| LEADER | 00000nam a2200000Ia 4500 | ||
|---|---|---|---|
| 001 | DIGNADIR0337 | ||
| 003 | NyNyDIG | ||
| 006 | m d | ||
| 007 | cr ||||||||||| | ||
| 008 | 130101s2010 sp ob 000 1 spa | ||
| 020 | |z 8492219475 (pbk.) | ||
| 020 | |z 9788492219476 (pbk.) | ||
| 040 | |a DGITA |b eng |e pn |c DGITA | ||
| 050 | 4 | |a PQ6652.O755 ebook | |
| 100 | 1 | |a Botello, Carmen, |d 1956- | |
| 245 | 1 | 0 | |a Otras ofelias |h [electronic resource] : |b relatos / |c Carmen Botello. |
| 260 | |a Valencia [Spain] : |b El Nadir Ediciones, |c 2010. |e (New York, NY. : |f Digitalia Inc, |g 2012). | ||
| 300 | |a 1 online resource (213 p.) | ||
| 490 | 1 | |a Narrativas el Nadir ; |v 37. | |
| 500 | |a First published in 2000 (Colección Nadir libros, 6) | ||
| 505 | 1 | |a Ofelia eterna -- La queja -- El punzón de cristal de roca -- El cuarto menguante -- Y catorce -- Los enfermos -- La Vengadora -- Mensaje telefónico. | |
| 506 | |a Access restricted to subscribing institutions. | ||
| 655 | 0 | |a Electronic books. | |
| 791 | 2 | |a Digitalia (Firm), |e distributor. | |
| 830 | 0 | |a Narrativas el Nadir ; |v 37. | |
| 830 | 0 | |a Digitalia eBook Collection: El Nadir Ediciones. | |
| 856 | 4 | 0 | |3 Digitalia Hispánica |u https://digitalia.unach.elogim.com/a/1494/ |